000 03905nab a2200325 i 4500
003 BR-BrBNA
005 20240307152642.0
008 240307b2011 bl.qr|p|oa||| 00| 0 por |
040 _aBR-BrBNA
_bpor
072 _aS01
100 _aOliveira, A.C.M.
100 _aFontana, A.
100 _aNegrini, T.C.
100 _aNogueira, M.N.M.
100 _aBedran, T.B.L.
100 _aAndrade, C.R.
100 _aSpolidorio, L.C.
100 _aSpolidorio, D.M.P.
245 _aEmprego do óleo de Melaleuca alternifolia Cheel (Myrtaceae) na odontologia: perspectivas quanto à utilização como antimicrobiano alternativo às doenças infecciosas de origem bucal
500 _aPublicação on-line; Bibliography p. 497-499 (62 ref.); 1 table; Summaries (En, Pt)
520 _a RESUMO: O interesse por medicamentos alternativos, principalmente daqueles provenientes de extratos naturais, tem aumentado nas últimas décadas. A Melaleuca alternifolia é um arbusto pertencente ao gênero Melaleuca, popularmente conhecida como “árvore de chá”, cujo principal produto é o óleo essencial (TTO - tea tree oil), de grande importância medicinal por possuir comprovada ação bactericida e antifúngica contra diversos patógenos humanos. Em virtude da atividade terapêutica em diversas especialidades médicas, o TTO passou a ser empregado na área odontológica. Esta revisão de literatura foi realizada com o objetivo de discutir os ensaios já realizados com o TTO contra microrganismos relacionados à doença cárie, doença periodontal e problemas pulpares. O óleo de Melaleuca tem demonstrado boa ação antibacteriana in vitro contra microrganismos bucais, porém, pesquisas envolvendo o estudo do mecanismo de ação sobre as células microbianas ou estudos in vivo ainda são escassos e precisam ser realizados, já que esse produto pode ser útil na odontologia, seja na manutenção química da higiene ou prevenção de doenças bucais. Palavras-chave: Melaleuca alternifolia, óleo da árvore de chá, agentes antimicrobianos, odontologia
520 _a ABSTRACT: Use of Melaleuca alternifolia Cheel (Myrtaceae) oil in dentistry: perspectives on its use as alternative antimicrobial to infectious diseases of oral origin. The interest in alternative medicines, especially those from natural extracts, has increased in recent decades. Melaleuca alternifolia is a shrub belonging to the genus Melaleuca, popularly known as “tea tree”, the main product of which is its essential oil (TTO - tea tree oil), of great medicinal importance for its proven bactericidal and antifungal activity against several human pathogens. By virtue of its therapeutic activity in various medical specialties, TTO is now used in dentistry. This literature review was conducted in order to discuss the tests already carried out with TTO against microorganisms related to dental caries, periodontal disease and pulpal problems. Melaleuca oil has shown good in vitro antibacterial activity against oral microorganisms; however, research involving the study of its mechanism of action on the microbial cells or in vivo studies are still scarce and need to be done since this product may be useful in dentistry, either in the chemical maintenance of hygiene or in the prevention of oral diseases. Key words: Melaleuca alternifolia, tea tree oil, antimicrobial agents, dentistry
650 _aÓLEO
650 _aODONTOLOGIA
650 _aMYRTACEAE
773 0 _03543
_913667
_dBotucatu-SP Instituto de Biociências - Departamento de Química e Bioquímica 1998
_o2023-296812
_tRevista Brasileira de Plantas Medicinais (Brazil)
_x1516-0572
_gv. 13(4) p. 492-499; (2011)
_wBR2024000120
856 _uhttps://www.scielo.br/j/rbpm/a/3HdchzzsGnG9h8JV8pwjZym/?format=pdf&lang=pt
942 _cAnalítica
999 _c298704
_d298704